| 000 | 01340cam a2200373 a 4500 | ||
|---|---|---|---|
| 001 | 15558734 | ||
| 003 | OSt | ||
| 005 | 20140310182717.0 | ||
| 008 | 081216s2010 nyua b 001 0 eng | ||
| 010 | _a 2008054453 | ||
| 020 | _a9780816077168 (hardcover : alk. paper) | ||
| 020 | _a0816077169 (hardcover : alk. paper) | ||
| 035 | _a(OCoLC)ocn288933039 | ||
| 040 |
_aDLC _cDLC _dYDX _dYDXCP _dDLC |
||
| 050 | 0 | 0 |
_aGV 881.3 _b.G617 2010 |
| 082 | 0 | 0 |
_aM 796.357 _22nd ed. _bG66 2009 |
| 100 | 1 | _aGola, Mark. | |
| 245 | 1 | 0 |
_aWinning softball for girls / _cGola, Mark ; foreword by Cammiso, Gretchen |
| 250 | _a2nd ed. | ||
| 260 |
_aNew York : _bChelsea House, _cc2010. |
||
| 300 |
_axx, 220 p. : _bcol. : ill. ; _c24 cm. |
||
| 490 | 1 | _aThe winning sports for girls series | |
| 500 | _aPaper binding published by Checkmark Books. | ||
| 504 | _aIncludes bibliographical references and index. | ||
| 521 | _aCollege Students | ||
| 526 | _c1210L-1700L | ||
| 541 | _j1 | ||
| 562 | _efor circulation. 1 copy available in the collection | ||
| 650 | 0 | _aSoftball for women. | |
| 830 | 0 | _aWinning sports for girls series. | |
| 906 |
_a7 _bcbc _corignew _d1 _eecip _f20 _gy-gencatlg |
||
| 942 |
_2lcc _cBK _kM |
||
| 999 |
_c15291 _d15291 |
||